Normal view
MARC view
- SUPERVISOR Dr. Muhammad Salman
Entry Personal Name
001 - CONTROL NUMBER
- control field: 70510
003 - CONTROL NUMBER IDENTIFIER
- control field: NUST
005 - DATE AND TIME OF LATEST TRANSACTION
- control field: 20210628204505.0
008 - FIXED-LENGTH DATA ELEMENTS
- fixed length control field: 210628|| aca||aabn | a|a d
040 ## - CATALOGING SOURCE
- Original cataloging agency: NUST
- Transcribing agency: NUST
100 ## - HEADING--PERSONAL NAME
- Personal name: SUPERVISOR Dr. Muhammad Salman
670 ## - SOURCE DATA FOUND
- Source citation: Work cat.: (NUST): Muhammad Asad Bukhari 70509, TH-SOF-1020-EFFICIENT SIGNAL DETECTION IN NOISE WITH UNKNOWN DISTRIBUTION, 2014
